Представление документа в формате RUSMARC

ПолеНазваниеЗначение
  Тип записи a
  Библиографический уровень a
001 Контрольный номер UONB/MAIN/061c86a84bda4f538706d7d3df809919
005 Дата корректировки 20260405143831.6
100 Данные общей обработки __
a Данные общей обработки 20260405 ||| 0rusy0189 ca
101 Язык документа 0_
a Язык текста rus
102 Страна публикации __
a Страна публикации RU
200 Заглавие и сведения об ответственности 1_
a Заглавие Программа "Наследие Югры": от теории к практике в детском саду
f Первые сведения об ответственности Л. Л. Лашкова
203 Вид содержания и тип средства __
a Вид содержания Текст
c Тип средства непосредственный
215 Физическое описание __
c Иллюстрации/тип воспроизводства ил.
225 Серия 1_
a Серия Методика обучения детей
225 Серия 1_
a Серия Методическая копилка
320 Библиография __
a Библиография Библиогр.: с. 37 (3 назв.)
330 Аннотация __
a Аннотация Раскрыты ключевые принципы построения парциальной программы "Наследие Югры: на пути к истокам". Описаны результаты апробации программы в дошкольных образовательных организациях ХМАО с целью формирования ценностного отношения к культуре родного края у самых маленьких граждан нашей большой страны.
333 Примечание о целевом назначении __
a Примечание о целевом назначении 0+
461 Уровень набора _0
1 2000
a Дошкольное воспитание
1 011
a 0012-561X
463 Уровень физической единицы _0
1 2000
a № 1
v С. 34-37
1 2101
d 2026
1 001UONB/MAIN/90fe6499ba09496fbb99bb4080cff8e6
605 Заглавие как предмет __
a Заглавие Наследие Югры: на пути к истокам
l Подзаголовок формы парциальная программа
606 Тематические рубрики 0_
a Основная рубрика Образование. Педагогика
606 Тематические рубрики 0_
a Основная рубрика Дошкольная педагогика
y Географическая подрубрика Россия
y Географическая подрубрика Ханты-Мансийский автономный округ
y Географическая подрубрика Югра
610 Ключевые слова 0_
a Ключевые слова дошкольники
610 Ключевые слова 0_
a Ключевые слова дети дошкольного возраста
610 Ключевые слова 0_
a Ключевые слова познавательное развитие
610 Ключевые слова 0_
a Ключевые слова патриотическое воспитание
610 Ключевые слова 0_
a Ключевые слова малая родина
610 Ключевые слова 0_
a Ключевые слова краеведение в детском саду
610 Ключевые слова 0_
a Ключевые слова история родного края
610 Ключевые слова 0_
a Ключевые слова парциальные программы
610 Ключевые слова 0_
a Ключевые слова родной край
610 Ключевые слова 0_
a Ключевые слова ценностное отношение
610 Ключевые слова 0_
a Ключевые слова народы Севера
610 Ключевые слова 0_
a Ключевые слова культура народов Севера
686 Индексы других классификаций __
2 Код системы rubbk
700 Автор _1
a Фамилия Лашкова
b Имя (инициалы) Л. Л.
g Полное личное имя Лия Луттовна
4 Код отношения 070
c Титул (звания) доктор педагогических наук
c Титул (звания) профессор кафедры теории и методики дошкольного и начального образования
p Наименование/ адрес организации ВГБОУ ВО "Сургутский государственный педагогический университет"
801 Источник записи _0
a Страна RU
b Организация Ульяновская ОНБ
c Дата составления 20230614
g Правила каталогизации RCR
801 Источник записи _1
a Страна RU
b Организация Ульяновская ОНБ
c Дата составления 20230614
g Правила каталогизации RCR
901 Тип документа __
t Тип документа b
w Контрольный № источника UONB/MAIN/90fe6499ba09496fbb99bb4080cff8e6